000
00304nam a22001337a 4500
008
180216b xxu||||| |||| 00| 0 eng d
020
_a
9781437701210
041
_a
eng
080
_2
2nd
_a
616.34
100
_a
9
101
_a
GAS
245
_a
Netter's gastroenterology
_c
Kowdley,K.V
942
_2
udc
_c
BK
999
_c
42744
_d
42744